000 00686nam a22002537a 4500
003 UA-OsUOA
001 50921
007 ta
008 20071128b un ||||| |||| 00| 0 ukr d
100 _aАртазей І. В.
090 _a82-94.161.2
_bА84
942 _cBK
040 _aUA-OsUOA
_bukr
_cUA-OsUOA
_dUA-OsUOA
245 _aНезахищені
300 _a288 с.
955 _a4
041 _aukr
080 _a82-94.161.2
020 _a978-966-517-572-8
260 _aЛуцьк
_bНадстир'я
_c2007
246 3 1 _aРоздуми про пережите
_n
650 7 _a82 Література. Літературознавство
_2UDC
999 _c336998
_d336998